000 00818nam a2200229Ii 4500
003 JO-AjNU
008 230605s9999||||xx |||||||||||||| ||und||
017 _a38724
020 _a9957-16-125-3
040 _aJO-AjNU
_bara
_erda
_cJO-AjNU
041 _aara
050 1 4 _aK1420.5.Z29.2006
100 3 _a زين الدين ، صلاح ,
_eauthor
_912738
245 0 0 _aالمدخل إلى الملكية الفكرية نشأتها ومفهومها ونطاقها وأهميتها وتكيفها وتنظيميها وحمايتها
250 _aط1
264 3 1 _aعمان : دار الثقافة ، 2006
300 _a292ص
336 _atext
_btxt
_2rdacontent
337 _aunmediated
_bn
_2rdamedia
338 _avolume
_bnc
_2rdacarrier
650 4 _aالملكية الفكرية -- حقوق النشر
_912739
999 _aA2986
_c6554
_d6554